000 00378nam a22001697a 4500
003 MPLRDC
005 20220104123928.0
008 210129b ||||| |||| 00| 0 eng d
082 _a802.88 MCE 1978
100 _a不详
245 _a友联文选
_c
250 _a初版
260 _a
_b友联出版社
_c1977
300 _b
650 _a
942 _cBK
_o802.88 MCE 1978
999 _c15294
_d15284